Código de Alarico II (Record no. 186664)

MARC details
000 -LEADER
campo de control de longitud fija 01299nam a2200289 i 4500
001 - NÚMERO DE CONTROL
campo de control 186664
003 - IDENTIFICADOR DE NÚMERO DE CONTROL
campo de control SpMaBN
005 - FECHA Y HORA DE LA ÚLTIMA TRANSACCIÓN
campo de control 20250928125449.0
008 - DATOS DE LONGITUD FIJA--INFORMACIÓN GENERAL
campo de control de longitud fija 170111s1991 sp hp |||| |dlat d
020 ## - NÚMERO INTERNACIONAL ESTÁNDAR DEL LIBRO
Número Internacional Estándar del Libro 84-86238-31-5
080 ## - NÚMERO DE LA CLASIFICACIÓN DECIMAL UNIVERSAL
Número de la Clasificación Decimal Universal 34(460)"05"(094.4)
130 0# - ENTRADA PRINCIPAL--TÍTULO UNIFORME
Título uniforme Lex Romana Visigothorum.
9 (RLIN) 135329
245 10 - MENCIÓN DEL TÍTULO
Título Código de Alarico II
Resto del título : fragmentos de la "Ley Romana" de los visigodos conservados en un códice palimpsesto de la Catedral de León /
Mención de responsabilidad, etc. proemio por Francisco Cárdenas y Fidel Fita ; epílogo "Sobre Max Conrat (Cohn) y el Breviario de Alarico" por Magdalena Rodríguez Gil.
260 ## - PUBLICACIÓN, DISTRIBUCIÓN, ETC.
Lugar de publicación, distribución, etc. Ávila :
Nombre del editor, distribuidor, etc. Fundación Sánchez-Albornoz ;
Lugar de publicación, distribución, etc. León :
Nombre del editor, distribuidor, etc. Santiago García,
Fecha de publicación, distribución, etc. 1991.
300 ## - DESCRIPCIÓN FÍSICA
Extensión [2], XXIX, 491 p. ;
Dimensiones 35 cm.
500 ## - NOTA GENERAL
Nota general Índices.
546 ## - NOTA DE IDIOMA
Nota de lengua/lenguaje Código facsímil y transcripción latina.
700 1# - ENTRADA AGREGADA--NOMBRE PERSONAL
Nombre de persona Cárdenas, Francisco de,
Fechas asociadas al nombre 1816-1898
9 (RLIN) 35138
700 1# - ENTRADA AGREGADA--NOMBRE PERSONAL
Nombre de persona Fita, Fidel,
Fechas asociadas al nombre 1835-1917
9 (RLIN) 51052
700 1# - ENTRADA AGREGADA--NOMBRE PERSONAL
Nombre de persona Rodríguez Gil, Magdalena.
9 (RLIN) 98552
710 2# - ENTRADA AGREGADA--NOMBRE DE ENTIDAD CORPORATIVA
Nombre de entidad corporativa o nombre de jurisdicción como elemento de entrada Fundación Sánchez-Albornoz.
9 (RLIN) 161531
852 ## - LOCALIZACIÓN
Ubicación ES-MaACL
Número de control de estantería A-13966
itemnumber 193721
Sublocalización o colección R.150839
Ubicación en estantería Depósito 1
Signatura antigua Olim: N-6966
Donativo/Legado Donación: Begoña San José
Encuadernación enc. cart.
903 ## - NOMBRE PERSONAL DE DONANTE
9 102240
a San José, Begoña
e Donante
942 ## - ELEMENTOS DE ENTRADA SECUNDARIOS (KOHA)
Fuente del sistema de clasificación o colocación Clasificación decimal universal
Tipo de ítem Koha Libro impreso
Holdings
Estatus retirado Estado de pérdida Fuente del sistema de clasificación o colocación Estado de daño No para préstamo Biblioteca de origen Biblioteca actual Ubicación en estantería Fecha de adquisición Fuente de adquisición Total de préstamos Signatura topográfica completa Código de barras Visto por última vez Precio de reemplazo Tipo de ítem Koha
    Clasificación decimal universal     Biblioteca del Ateneo de Madrid Biblioteca del Ateneo de Madrid Depósito 1 11/01/2017 Donación   A-13966 1196880 23/02/2023 23/02/2023 Libro impreso